| 000 | 00560nam a22001817a 4500 | ||
|---|---|---|---|
| 003 | UA-OsUOA | ||
| 001 | 8530 | ||
| 007 | ta | ||
| 008 | 20040908b un ||||| |||| 00| 0 ukr d | ||
| 100 | _aЗінчук С. | ||
| 942 | _cSA | ||
| 040 |
_aUA-OsUOA _cUA-OsUOA _dUA-OsUOA |
||
| 245 |
_aЯк Божий Син, гуртом із Храму... : Вірші _cС. Зінчук; Т. Сергійчук |
||
| 300 | _aС.5 | ||
| 955 | _a0 | ||
| 773 | 0 |
_w0 _tЛітературна Украіна _dКиїв _d2004 _g№34 |
|
| 650 | 7 |
_aХудожня література _2UDC |
|
| 999 |
_c294691 _d294691 |
||